00335nam a2200121Ia 4500008004100000100003700041245006500078260002200143300000800165650001500173942000800188999001700196190216s9999||||xx |||||||||||||| ||und|| aHeather Summers&Amp;Anne Wastone 4aThe Book Of Happiness Brilliant Ideas To Transform Your Life bWiley Indiac2007 a203 aReferences cREF c36902d36902